Last Action Hero (Record no. 99332)

MARC details
000 -LEADER
fixed length control field 03097njm a2200517Ia 4500
001 - CONTROL NUMBER
control field B7590
003 - CONTROL NUMBER IDENTIFIER
control field IT-RoPAU
005 - DATE AND TIME OF LATEST TRANSACTION
control field 20220918181115.0
008 - FIXED-LENGTH DATA ELEMENTS--GENERAL INFORMATION
fixed length control field 131025s9999 xx 000 0 und d
040 ## - CATALOGING SOURCE
Original cataloging agency IT-RoPAU
040 ## - CATALOGING SOURCE
Transcribing agency IT-RoPAU
999 ## - SYSTEM CONTROL NUMBERS (KOHA)
Koha Dewey Subclass [OBSOLETE] n.d.
100 ## - MAIN ENTRY--PERSONAL NAME
Personal name AA.VV.
9 (RLIN) 794
100 ## - MAIN ENTRY--PERSONAL NAME
Relator term Autore musica
9 (RLIN) 29339
100 ## - MAIN ENTRY--PERSONAL NAME
Miscellaneous information Codice autore musica SPICS: 12000
9 (RLIN) 796
245 ## - TITLE STATEMENT
Title Last Action Hero
250 ## - EDITION STATEMENT
Edition statement 1a ed.
260 ## - PUBLICATION, DISTRIBUTION, ETC. (IMPRINT)
Place of publication, distribution, etc. ITALIA
260 ## - PUBLICATION, DISTRIBUTION, ETC. (IMPRINT)
Name of publisher, distributor, etc. SONY MUSIC ENTERTAINMENT
Date of publication, distribution, etc. 1993 [1a Ed.:1993 - Ed. Lingua Orig.: 1993]
300 ## - PHYSICAL DESCRIPTION
Extent COMPACT DISC
300 ## - PHYSICAL DESCRIPTION
Dimensions 56 minuti (Testo: 0 pag.)
500 ## - GENERAL NOTE
General note Colonna sonora originale del film "Last Action Hero".
505 ## - FORMATTED CONTENTS NOTE
Formatted contents note Big Gun - What the Hell Have I (Alice in Chains) - Angry Again (Megadeth) - Two Steps Behind (Leppard Def) - Poison My Eyes (Anthrax) - Dream On (Aerosmith) - A Little Bitter (Alice in Chains) - Cock the Hammer (Cypress Hill) - Swim (Fishbone) - Last Action Hero (Tesla) - Jack and the Ripper (Michael Kamen and The Los Angeles Rock and Roll Ensemble)
650 ## - SUBJECT ADDED ENTRY--TOPICAL TERM
Topical term or geographic name as entry element COLONNA SONORA [COMPACT DISC]
Relator term Codice MATERIA SPICS: 9949
9 (RLIN) 29340
700 ## - ADDED ENTRY--PERSONAL NAME
Personal name Young Adrian
Dates associated with a name Codice autore musica SPICS: 24335
Relator term Autore musica
Name of part/section of a work Big Gun
9 (RLIN) 29341
700 ## - ADDED ENTRY--PERSONAL NAME
Personal name Young M.
Dates associated with a name Codice autore SPICS: 39049
Relator term Autore
Name of part/section of a work Big Gun
9 (RLIN) 29342
700 ## - ADDED ENTRY--PERSONAL NAME
Personal name Cantrell J.
Dates associated with a name Codice autore musica SPICS: 39050
Relator term Autore musica
Name of part/section of a work What the Hell Have I
9 (RLIN) 29343
700 ## - ADDED ENTRY--PERSONAL NAME
Personal name Mustaine D.
Dates associated with a name Codice autore musica SPICS: 39051
Relator term Autore musica
Name of part/section of a work Angry Again
9 (RLIN) 29344
700 ## - ADDED ENTRY--PERSONAL NAME
Personal name Elliott J.
Dates associated with a name Codice autore musica SPICS: 39052
Relator term Autore musica
Name of part/section of a work Two Steps Behind
9 (RLIN) 29345
700 ## - ADDED ENTRY--PERSONAL NAME
Personal name Benante C.
Dates associated with a name Codice autore musica SPICS: 39053
Relator term Autore musica
Name of part/section of a work Poison My Eyes
9 (RLIN) 29346
700 ## - ADDED ENTRY--PERSONAL NAME
Personal name Ian S.
Dates associated with a name Codice autore SPICS: 39054
Relator term Autore
Name of part/section of a work Poison My Eyes
9 (RLIN) 29347
700 ## - ADDED ENTRY--PERSONAL NAME
Personal name Bush J.
Dates associated with a name Codice autore testo/musica SPICS: 39055
Relator term Autore musica
Name of part/section of a work Poison My Eyes
9 (RLIN) 29348
700 ## - ADDED ENTRY--PERSONAL NAME
Personal name Tyler S.
Dates associated with a name Codice autore musica SPICS: 39056
Relator term Autore musica
Name of part/section of a work Dream On
9 (RLIN) 29349
700 ## - ADDED ENTRY--PERSONAL NAME
Personal name Staley L.
Dates associated with a name Codice autore musica SPICS: 39057
Relator term Autore musica
Name of part/section of a work A Little Bitter
9 (RLIN) 29350
700 ## - ADDED ENTRY--PERSONAL NAME
Personal name Cantrell J.
Dates associated with a name Codice autore SPICS: 39050
Relator term Autore
Name of part/section of a work A Little Bitter
9 (RLIN) 29351
700 ## - ADDED ENTRY--PERSONAL NAME
Personal name Kinney S.
Dates associated with a name Codice autore testo/musica SPICS: 39058
Relator term Autore testo/musica
Name of part/section of a work A Little Bitter
9 (RLIN) 29352
700 ## - ADDED ENTRY--PERSONAL NAME
Personal name Freese L.
Dates associated with a name Codice autore musica SPICS: 39059
Relator term Autore musica
Name of part/section of a work Cock the Hammer
9 (RLIN) 29353
700 ## - ADDED ENTRY--PERSONAL NAME
Personal name Reyes S.
Dates associated with a name Codice autore SPICS: 39060
Relator term Autore
Name of part/section of a work Cock the Hammer
9 (RLIN) 29354
700 ## - ADDED ENTRY--PERSONAL NAME
Personal name Muggerud L.
Dates associated with a name Codice autore testo/musica SPICS: 39061
Relator term Autore testo/musica
Name of part/section of a work Cock the Hammer
9 (RLIN) 29355
700 ## - ADDED ENTRY--PERSONAL NAME
Personal name Bigham J.
Dates associated with a name Codice autore musica SPICS: 39062
Relator term Autore musica
Name of part/section of a work Swim
9 (RLIN) 29356
700 ## - ADDED ENTRY--PERSONAL NAME
Personal name Hannon F.
Dates associated with a name Codice autore musica SPICS: 39063
Relator term Autore musica
Name of part/section of a work Last Action Hero
9 (RLIN) 29357
700 ## - ADDED ENTRY--PERSONAL NAME
Personal name Keith J.
Dates associated with a name Codice autore SPICS: 39064
Relator term Autore
Name of part/section of a work Last Action Hero
9 (RLIN) 29358
700 ## - ADDED ENTRY--PERSONAL NAME
Personal name Wheat B.
Dates associated with a name Codice autore testo/musica SPICS: 39065
Relator term Autore testo/musica
Name of part/section of a work Last Action Hero
9 (RLIN) 29359
700 ## - ADDED ENTRY--PERSONAL NAME
Personal name Kamen Michael
Dates associated with a name Codice autore musica SPICS: 26930
Relator term Autore musica
Name of part/section of a work Jack and the Ripper
9 (RLIN) 29360
942 ## - ADDED ENTRY ELEMENTS (KOHA)
Koha item type CD AUDIO
Source of classification or shelving scheme Dewey Decimal Classification
Holdings
Withdrawn status Lost status Damaged status Not for loan Home library Current library Date acquired Total Checkouts Full call number Date last seen Price effective from Koha item type Public note
    Buone Condizioni Not For Loan SPICS-MEDIATECA SPICS-MEDIATECA 25/10/2013   B7590 25/10/2013 25/10/2013 CD AUDIO Progr. Ins.: 889 / N.Vol.: 1 / Copie: 1 - Copia rara: n.d. / date import: 01.01.2014 - By Epidotti, Trombetti, Vaglietti
CREDITS: SOCIETA' SAN PAOLO Via A.Severo, 58 - ROMA (RM) & PERIODICI SAN PAOLO SRL Via Giotto, 36 MILANO & CISF Via Giotto, 36 MILANO & EDIZIONI SAN PAOLO SRL,  Piazza Soncino, 5 CINISELLO BALSAMO (MI) -- ITALY